| 000 | 00648nam a2200229 4500 | ||
|---|---|---|---|
| 003 | MX-MxINE | ||
| 005 | 20260601171017.0 | ||
| 008 | 260508b1967\\\\nyua||||\||||\00|\0\eng\d | ||
| 040 |
_aICI _bspa _cICI _erda |
||
| 041 | _aeng | ||
| 050 |
_aTS171 _bD73 1967 |
||
| 100 | 1 |
_aDreyfuss, Henry, _eautor |
|
| 245 |
_aDesigning for people / _cHenry Dreyfuss |
||
| 264 |
_aNew York : _bParagraphic Books, _c1967. |
||
| 300 |
_a230 páginas: _bilustraciones |
||
| 336 |
_2rdacontent _atexto |
||
| 337 |
_2rdamedia _asin medio |
||
| 338 |
_2rdacarrier _avolumen |
||
| 650 | _aIndustrial design. | ||
| 650 |
_aHuman engineering. _934097 |
||
| 942 |
_2lcc _n1 _cB |
||
| 999 |
_c20729 _d20729 |
||